Michael Hardt, Antonio Negri, Empire, traduit de l’américain par Denis-Armand Canal, Paris, Exils éditeur, 2000. (notice n° 1632698)
[ vue normale ]
| 000 -LEADER | |
|---|---|
| fixed length control field | 00760cam a2200157 4500500 |
| 005 - DATE AND TIME OF LATEST TRANSACTION | |
| control field | 20260111113227.0 |
| 041 ## - LANGUAGE CODE | |
| Language code of text/sound track or separate title | fre |
| 042 ## - AUTHENTICATION CODE | |
| Authentication code | dc |
| 100 10 - MAIN ENTRY--PERSONAL NAME | |
| Personal name | Lantz, Pierre |
| Relator term | author |
| 245 00 - TITLE STATEMENT | |
| Title | Michael Hardt, Antonio Negri, Empire, traduit de l’américain par Denis-Armand Canal, Paris, Exils éditeur, 2000. |
| 260 ## - PUBLICATION, DISTRIBUTION, ETC. | |
| Date of publication, distribution, etc. | 2001.<br/> |
| 500 ## - GENERAL NOTE | |
| General note | 54 |
| 520 ## - SUMMARY, ETC. | |
| Summary, etc. | En partant de la Conférence d’introduction à la psychanalyse de Bernard Bensidoun pour la Société psychanalytique de Paris, Shirley Leong revient sur le traumatisme à l’adolescence. |
| 786 0# - DATA SOURCE ENTRY | |
| Note | L'Homme & la Société | 139 | 1 | 2001-03-01 | p. 145a-170a | 0018-4306 |
| 856 41 - ELECTRONIC LOCATION AND ACCESS | |
| Uniform Resource Identifier | <a href="https://shs.cairn.info/revue-l-homme-et-la-societe-2001-1-page-145a?lang=fr&redirect-ssocas=7080">https://shs.cairn.info/revue-l-homme-et-la-societe-2001-1-page-145a?lang=fr&redirect-ssocas=7080</a> |
Pas d'exemplaire disponible.




Réseaux sociaux